00410nam a2200157Ia 4500008004100000020001800041082001500059100002300074245001800097250000800115260003700123300002400160500001900184600003300203650001600236240925s9999 xx 000 0 und d a9788120342804 a517.52 FIT aFitzpatrick, P.M. 0aReal Analysis a4th aNew Delhi:bPHI Learningc,2010. a384p.bNAfOriginal aIncludes Index aHumanities & Natural Science aMathematics